[Event "NB1 Maroczy csoport"]
[Site "Nyiregyhaza"]
[Date "2024.11.03"]
[Round "1.12"]
[White "Blahota, Marcell"]
[Black "Lazsadi, Kerka Lilla"]
[Result "1-0"]
[WhiteElo "2063"]
[BlackElo "1846"]
[PlyCount "63"]
[EventDate "2024.11.03"]
[EventType "team-tourn"]
[EventRounds "11"]
[EventCountry "HUN"]
[Source "chess.hu"]
[SourceDate "2024.11.04"]
[WhiteTeam "NYVSC "]
[BlackTeam "DVTK I."]
[WhiteTeamCountry "HUN"]
[BlackTeamCountry "HUN"]

1. d4 e6 2. Nc3 Nf6 3. e4 d5 4. Bg5 Be7 5. e5 Nfd7 6. Bxe7 Qxe7 7. f4 a6 8. Nf3
c5 9. Bd3 Nc6 10. Qd2 cxd4 11. Ne2 f6 12. exf6 Qxf6 13. Nexd4 Nxd4 14. Nxd4 e5
15. fxe5 Nxe5 16. O-O-O O-O 17. Rhf1 Nxd3+ 18. Qxd3 Qh6+ 19. Kb1 Bg4 20. Nf3
Rad8 21. h3 Bf5 22. Qb3 Rf7 23. Ne5 Be6 24. Nxf7 Bxf7 25. Qxb7 Qg6 26. Rde1 Rf8
27. Qd7 h5 28. Rf2 h4 29. Ref1 Qh5 30. Rxf7 Rxf7 31. Qe8+ Kh7 32. Qxf7 1-0

[Event "NB1 Maroczy csoport"]
[Site "Nyiregyhaza"]
[Date "2024.11.17"]
[Round "2.1"]
[White "Hajnal, Zoltan"]
[Black "Kiss, Mate Jozsef"]
[Result "1/2-1/2"]
[WhiteElo "2332"]
[BlackElo "2178"]
[PlyCount "72"]
[EventDate "2024.11.03"]
[EventType "team-tourn"]
[EventRounds "11"]
[EventCountry "HUN"]
[Source "chess.hu"]
[SourceDate "2024.11.17"]
[WhiteTeam "DVTK I."]
[BlackTeam "NYESE"]
[WhiteTeamCountry "HUN"]
[BlackTeamCountry "HUN"]

1. e4 c5 2. Nf3 Nc6 3. d4 cxd4 4. Nxd4 Nf6 5. Nc3 e6 6. Ndb5 Bc5 7. Bf4 O-O 8.
Bc7 Qe7 9. Bd6 Bxd6 10. Qxd6 Qd8 11. O-O-O a6 12. Nd4 Ne7 13. h4 b5 14. Bd3 Ne8
15. Qh2 b4 16. Nce2 a5 17. g4 a4 18. Kb1 Qa5 19. f3 Ba6 20. g5 Bxd3 21. cxd3 a3
22. b3 Rc8 23. f4 f5 24. gxf6 Nxf6 25. Rhg1 Rc5 26. Rg5 h6 27. Rxc5 Qxc5 28.
Rc1 Qb6 29. Qg2 Rc8 30. Rg1 Ne8 31. Qg4 Qc5 32. Rc1 Qd6 33. Rxc8 Nxc8 34. Qg6
Nc7 35. Kc2 Ne7 36. Qg3 Qc5+ 1/2-1/2

[Event "NB1 Maroczy csoport"]
[Site "Nyiregyhaza"]
[Date "2024.11.17"]
[Round "2.2"]
[White "Lazin, Robert-Tamas"]
[Black "Fule, Simon"]
[Result "0-1"]
[WhiteElo "2096"]
[BlackElo "2254"]
[PlyCount "70"]
[EventDate "2024.11.03"]
[EventType "team-tourn"]
[EventRounds "11"]
[EventCountry "HUN"]
[Source "chess.hu"]
[SourceDate "2024.11.17"]
[WhiteTeam "NYESE"]
[BlackTeam "DVTK I."]
[WhiteTeamCountry "HUN"]
[BlackTeamCountry "HUN"]

1. e4 e5 2. Bc4 Nf6 3. Nc3 Nc6 4. d3 Na5 5. Nge2 d6 6. O-O Nxc4 7. dxc4 c6 8.
Qd3 Be6 9. Rd1 Nd7 10. b3 Qc7 11. a4 Be7 12. Ba3 Nc5 13. Qf3 g6 14. Nc1 O-O 15.
Nd3 Nd7 16. Qg3 Rad8 17. Kh1 f5 18. f4 fxe4 19. Nxe4 Bf5 20. fxe5 Nxe5 21. Nef2
Bf6 22. Ra2 Qe7 23. Re1 Bxd3 24. cxd3 Bh4 25. Qe3 c5 26. g3 Bg5 27. Qe4 Qf7 28.
Kg2 Nf3 29. Rf1 Nd2 30. Qg4 Nxf1 31. Qxg5 Qf3+ 32. Kxf1 Qh1+ 33. Ke2 Rde8+ 34.
Ne4 Qg2+ 35. Ke3 Rf3# 0-1

[Event "NB1 Maroczy csoport"]
[Site "Nyiregyhaza"]
[Date "2024.11.17"]
[Round "2.3"]
[White "Gathi, Donat"]
[Black "Gocza, Adam"]
[Result "0-1"]
[WhiteElo "2141"]
[BlackElo "2037"]
[PlyCount "96"]
[EventDate "2024.11.03"]
[EventType "team-tourn"]
[EventRounds "11"]
[EventCountry "HUN"]
[Source "chess.hu"]
[SourceDate "2024.11.17"]
[WhiteTeam "DVTK I."]
[BlackTeam "NYESE"]
[WhiteTeamCountry "HUN"]
[BlackTeamCountry "HUN"]

1. e4 e5 2. Nf3 Nc6 3. Bb5 a6 4. Ba4 Nf6 5. O-O Be7 6. Qe2 b5 7. Bb3 Bb7 8. c3
O-O 9. Rd1 d6 10. d3 Nb8 11. Nbd2 Nbd7 12. Nf1 Re8 13. Ng3 g6 14. Bg5 Ng4 15.
Qd2 Kg7 16. h3 f6 17. Be3 Nxe3 18. Qxe3 Nc5 19. Bc2 Ne6 20. d4 Qc8 21. Ne2 c5
22. d5 Nd8 23. Nh2 Qc7 24. f4 Nf7 25. Rf1 Rf8 26. Rf2 Bc8 27. f5 gxf5 28. exf5
Kh8 29. Ng3 Rg8 30. Ng4 Qd8 31. Be4 Qf8 32. Rd1 Bd7 33. Bb1 Be8 34. b4 Rc8 35.
bxc5 dxc5 36. c4 Nd6 37. cxb5 axb5 38. Ne4 Bh5 39. Rc1 Bxg4 40. hxg4 c4 41. Kf1
Rxg4 42. Nc5 Rxc5 43. Qxc5 Ne4 44. Qxb5 Nxf2 45. Kxf2 Bc5+ 46. Ke1 Qh6 47. Rxc4
Rxg2 48. Qb8+ Bf8 0-1

[Event "NB1 Maroczy csoport"]
[Site "Nyiregyhaza"]
[Date "2024.11.17"]
[Round "2.4"]
[White "Korpas, Zoltan"]
[Black "Kovacs, Kristof"]
[Result "1-0"]
[WhiteElo "2111"]
[BlackElo "2181"]
[PlyCount "69"]
[EventDate "2024.11.03"]
[EventType "team-tourn"]
[EventRounds "11"]
[EventCountry "HUN"]
[Source "chess.hu"]
[SourceDate "2024.11.17"]
[WhiteTeam "NYESE"]
[BlackTeam "DVTK I."]
[WhiteTeamCountry "HUN"]
[BlackTeamCountry "HUN"]

1. b3 d5 2. Bb2 Nf6 3. e3 Nbd7 4. Nf3 e6 5. c4 Be7 6. Be2 O-O 7. O-O a5 8. Nc3
Nb6 9. d4 dxc4 10. bxc4 c5 11. Rb1 Bd7 12. Ne5 Qc7 13. Nxd7 Nfxd7 14. d5 exd5
15. Nxd5 Nxd5 16. Qxd5 Bf6 17. Bxf6 Nxf6 18. Qxb7 Qe5 19. Qb2 Qc7 20. Bf3 Rab8
21. Qc2 h6 22. Rfc1 Qe5 23. Rb5 Rfd8 24. h3 Ne8 25. Rcb1 Rxb5 26. Rxb5 Nc7 27.
Qb2 Qxb2 28. Rxb2 Rd6 29. Rb8+ Kh7 30. Rb7 Na6 31. a3 f5 32. Bd5 Kg6 33. g4
fxg4 34. hxg4 Kf6 35. f4 1-0

[Event "NB1 Maroczy csoport"]
[Site "Nyiregyhaza"]
[Date "2024.11.17"]
[Round "2.6"]
[White "Mizik, Tamas dr"]
[Black "Dobai, Szabolcs"]
[Result "0-1"]
[WhiteElo "1996"]
[BlackElo "2099"]
[PlyCount "115"]
[EventDate "2024.11.03"]
[EventType "team-tourn"]
[EventRounds "11"]
[EventCountry "HUN"]
[Source "chess.hu"]
[SourceDate "2024.11.17"]
[WhiteTeam "NYESE"]
[BlackTeam "DVTK I."]
[WhiteTeamCountry "HUN"]
[BlackTeamCountry "HUN"]

1. e4 g6 2. Nc3 Bg7 3. g3 c5 4. Bg2 Nc6 5. Nge2 d6 6. d3 Nf6 7. h3 O-O 8. O-O
a6 9. Be3 Rb8 10. Qd2 b5 11. Bh6 b4 12. Nd1 a5 13. Bxg7 Kxg7 14. f4 Qc7 15. Ne3
Nd4 16. c3 Nxe2+ 17. Qxe2 bxc3 18. bxc3 Ba6 19. g4 h6 20. Rf2 Qd7 21. Re1 Qa4
22. f5 Nd7 23. Qd2 Ne5 24. Bf1 Nd7 25. Nd5 Bb7 26. Nxe7 Rbe8 27. Qf4 Ne5 28.
f6+ Kh7 29. h4 Qd7 30. Be2 Ba6 31. c4 Rb8 32. Rg2 Rb2 33. g5 h5 34. Bf1 Rfb8
35. Qg3 Rxg2+ 36. Qxg2 Qa4 37. Kh1 Qa3 38. Qg3 Rb2 39. Nc6 Qc3 40. Nxe5 dxe5
41. Re2 Rxe2 42. Bxe2 Bxc4 43. a3 Be6 44. Kg2 Qb2 45. Kf1 Qxa3 46. Qxe5 Qc1+
47. Kf2 Qh1 48. Qxc5 Qxh4+ 49. Ke3 Qg3+ 50. Kd2 a4 51. Kd1 Bb3+ 52. Kd2 h4 53.
Bf1 a3 54. Ke2 a2 55. Qa5 Be6 56. d4 Bc4+ 57. Kd2 Qf2+ 58. Kc3 0-1

[Event "NB1 Maroczy csoport"]
[Site "Nyiregyhaza"]
[Date "2024.11.17"]
[Round "2.7"]
[White "Kovacs, Tamas"]
[Black "Mizik, Zsolt"]
[Result "1-0"]
[WhiteElo "2068"]
[BlackElo "1997"]
[PlyCount "76"]
[EventDate "2024.11.03"]
[EventType "team-tourn"]
[EventRounds "11"]
[EventCountry "HUN"]
[Source "chess.hu"]
[SourceDate "2024.11.17"]
[WhiteTeam "DVTK I."]
[BlackTeam "NYESE"]
[WhiteTeamCountry "HUN"]
[BlackTeamCountry "HUN"]

1. d4 Nf6 2. c4 e6 3. Nc3 d5 4. Bg5 Be7 5. cxd5 exd5 6. e3 O-O 7. Bd3 h6 8. Bf4
c6 9. Nge2 Be6 10. h3 Nbd7 11. g4 Re8 12. Qc2 c5 13. g5 hxg5 14. Bxg5 Nh5 15.
h4 Rc8 16. Rg1 Qb6 17. O-O-O cxd4 18. exd4 Bb4 19. Bd2 Ndf6 20. Rg5 Bg4 21. Re1
Bxe2 22. Bxe2 Qxd4 23. Bxh5 Rxe1+ 24. Bxe1 Qxh4 25. Qf5 Rc6 26. Bf3 Re6 27. Bd2
d4 28. Nd1 Bxd2+ 29. Kxd2 Qh2 30. Bd5 Nxd5 31. Qxd5 Qf4+ 32. Kd3 Qc1 33. Qd8+
Kh7 34. Rg1 Qb1+ 35. Kd2 Qe4 36. Qg5 Qe2+ 37. Kc1 Rc6+ 38. Nc3 Rg6 1-0

[Event "NB1 Maroczy csoport"]
[Site "Nyiregyhaza"]
[Date "2024.11.17"]
[Round "2.8"]
[White "Orso, Janos"]
[Black "Peredi, Oliver"]
[Result "1/2-1/2"]
[WhiteElo "1992"]
[BlackElo "2027"]
[PlyCount "112"]
[EventDate "2024.11.03"]
[EventType "team-tourn"]
[EventRounds "11"]
[EventCountry "HUN"]
[Source "chess.hu"]
[SourceDate "2024.11.17"]
[WhiteTeam "NYESE"]
[BlackTeam "DVTK I."]
[WhiteTeamCountry "HUN"]
[BlackTeamCountry "HUN"]

1. d4 Nf6 2. c4 e6 3. Nf3 b6 4. g3 Bb7 5. Bg2 Be7 6. O-O O-O 7. Nc3 Ne4 8. Nxe4
Bxe4 9. Nh4 Bxg2 10. Nxg2 d5 11. Qc2 c5 12. dxc5 bxc5 13. cxd5 exd5 14. Rd1 Nc6
15. Be3 d4 16. Qe4 Qb6 17. Bd2 Rfe8 18. Qc2 Bf6 19. Nf4 Rad8 20. Rac1 d3 21.
exd3 Nd4 22. Qxc5 Qb7 23. Be3 Nf3+ 24. Kh1 Ne5+ 25. Kg1 Qf3 26. d4 Ng4 27. Rf1
Nxe3 28. fxe3 Qxe3+ 29. Kh1 Qe4+ 30. Ng2 Qxd4 31. Qxd4 Rxd4 32. Rc2 h5 33. Nf4
h4 34. Kg2 hxg3 35. hxg3 Red8 36. Rff2 Be5 37. Rce2 Bxf4 38. Rxf4 a5 39. Rxd4
Rxd4 40. Kf3 Rd3+ 41. Kf2 Kh7 42. Re5 a4 43. Re4 a3 44. bxa3 Rxa3 45. Re2 Kg6
46. Kg2 Kg5 47. Rf2 f5 48. Kh2 Kf6 49. g4 g6 50. gxf5 gxf5 51. Kg2 Kg5 52. Rb2
Kg4 53. Kf2 f4 54. Kg2 Rg3+ 55. Kh2 Rh3+ 56. Kg1 Ra3 1/2-1/2

[Event "NB1 Maroczy csoport"]
[Site "Nyiregyhaza"]
[Date "2024.11.17"]
[Round "2.9"]
[White "Herczeg, Marcell"]
[Black "Csorsz, Ferenc"]
[Result "1/2-1/2"]
[WhiteElo "2044"]
[BlackElo "1975"]
[PlyCount "37"]
[EventDate "2024.11.03"]
[EventType "team-tourn"]
[EventRounds "11"]
[EventCountry "HUN"]
[Source "chess.hu"]
[SourceDate "2024.11.17"]
[WhiteTeam "DVTK I."]
[BlackTeam "NYESE"]
[WhiteTeamCountry "HUN"]
[BlackTeamCountry "HUN"]

1. e4 c5 2. Nf3 Nc6 3. d4 cxd4 4. Nxd4 Nf6 5. Nc3 e6 6. Ndb5 Bb4 7. a3 Bxc3+ 8.
Nxc3 d5 9. Bd3 d4 10. Ne2 e5 11. O-O O-O 12. Bd2 Bg4 13. Rc1 Rc8 14. h3 Bh5 15.
Qe1 h6 16. Ng3 Bg6 17. Qe2 Qd7 18. Rfd1 Rfd8 19. Bc4 1/2-1/2

[Event "NB1 Maroczy csoport"]
[Site "Nyiregyhaza"]
[Date "2024.11.17"]
[Round "2.10"]
[White "Bekesi, Janos"]
[Black "Farkas, Istvan"]
[Result "1/2-1/2"]
[WhiteElo "1950"]
[BlackElo "2014"]
[PlyCount "85"]
[EventDate "2024.11.03"]
[EventType "team-tourn"]
[EventRounds "11"]
[EventCountry "HUN"]
[Source "chess.hu"]
[SourceDate "2024.11.17"]
[WhiteTeam "NYESE"]
[BlackTeam "DVTK I."]
[WhiteTeamCountry "HUN"]
[BlackTeamCountry "HUN"]

1. d4 d5 2. Nf3 Nf6 3. c4 e6 4. Nc3 Be7 5. Bg5 O-O 6. e3 Nbd7 7. Bd3 dxc4 8.
Bxc4 c5 9. O-O a6 10. a4 h6 11. Bh4 cxd4 12. exd4 Nb6 13. Bd3 Nbd5 14. Nxd5
Nxd5 15. Bg3 Bd7 16. Ne5 Rc8 17. Qb3 Nb4 18. Be4 b6 19. Rac1 Rxc1 20. Rxc1 f5
21. Nxd7 Qxd7 22. Rc7 Qxd4 23. Rxe7 Qxe4 24. Rxe6 Qd5 25. Qxd5 Nxd5 26. Be5 Rd8
27. Kf1 Kf7 28. Rc6 g6 29. a5 Re8 30. Bd4 bxa5 31. Rxa6 Re4 32. Bc5 a4 33. Rd6
Nf6 34. Rd4 Rxd4 35. Bxd4 Nd7 36. Ke2 Ke6 37. Kd3 Kd5 38. Kc3 h5 39. Be3 Ne5
40. Bf4 Nc6 41. f3 Kc5 42. Be3+ Kd5 43. Bf4 1/2-1/2

[Event "NB1 Maroczy csoport"]
[Site "Nyiregyhaza"]
[Date "2024.11.17"]
[Round "2.11"]
[White "Kemendi, Daniel"]
[Black "Laskai, Gabor"]
[Result "1/2-1/2"]
[WhiteElo "1974"]
[BlackElo "1870"]
[PlyCount "28"]
[EventDate "2024.11.03"]
[EventType "team-tourn"]
[EventRounds "11"]
[EventCountry "HUN"]
[Source "chess.hu"]
[SourceDate "2024.11.17"]
[WhiteTeam "DVTK I."]
[BlackTeam "NYESE"]
[WhiteTeamCountry "HUN"]
[BlackTeamCountry "HUN"]

1. e4 c5 2. Nc3 Nc6 3. f4 e6 4. Nf3 d5 5. Bb5 Nge7 6. Ne5 a6 7. Nxc6 Nxc6 8.
Bxc6+ bxc6 9. e5 c4 10. Qg4 h5 11. Qh3 d4 12. Ne4 Qd5 13. Qf3 Bb7 14. O-O c5
1/2-1/2

[Event "NB1 Maroczy csoport"]
[Site "Nyiregyhaza"]
[Date "2024.11.17"]
[Round "2.12"]
[White "Szoke, Nora"]
[Black "Ress, Amira"]
[Result "1-0"]
[WhiteElo "1706"]
[BlackElo "1730"]
[PlyCount "69"]
[EventDate "2024.11.03"]
[EventType "team-tourn"]
[EventRounds "11"]
[EventCountry "HUN"]
[Source "chess.hu"]
[SourceDate "2024.11.17"]
[WhiteTeam "NYESE"]
[BlackTeam "DVTK I."]
[WhiteTeamCountry "HUN"]
[BlackTeamCountry "HUN"]

1. d4 d5 2. c4 e6 3. Nc3 Nf6 4. Nf3 b6 5. Bg5 Be7 6. e3 Bb7 7. Be2 O-O 8. O-O
c5 9. Qb3 Nbd7 10. Rfd1 dxc4 11. Qxc4 Rc8 12. Qb3 Nd5 13. Bxe7 Qxe7 14. Rac1
Rfd8 15. Nd2 Qg5 16. Nde4 Qg6 17. Ng3 Nxc3 18. bxc3 Qg5 19. c4 cxd4 20. Rxd4
Nc5 21. Qc2 Rxd4 22. exd4 Nd7 23. Rb1 Qf4 24. Qb2 Ba6 25. Qb3 e5 26. Qa4 Nb8
27. dxe5 Qxe5 28. Rd1 g6 29. h3 Qf4 30. Bg4 Rxc4 31. Qe8+ Kg7 32. Rd8 Rc1+ 33.
Kh2 Qxf2 34. Qh8+ Kh6 35. Qf8+ 1-0

[Event "NB1 Maroczy csoport"]
[Site "Kisujszallas"]
[Date "2024.11.17"]
[Round "2.1"]
[White "Ardelean, George-Catalin"]
[Black "Berebora, Ferenc"]
[Result "1-0"]
[WhiteElo "2432"]
[BlackElo "2389"]
[PlyCount "69"]
[EventDate "2024.11.03"]
[EventType "team-tourn"]
[EventRounds "11"]
[EventCountry "HUN"]
[Source "chess.hu"]
[SourceDate "2024.11.17"]
[WhiteTeam "NYVSC "]
[BlackTeam "Kumania-Kisujszallas"]
[WhiteTeamCountry "HUN"]
[BlackTeamCountry "HUN"]

1. e4 c5 2. c3 d5 3. exd5 Qxd5 4. d4 e6 5. Nf3 Nf6 6. Be3 cxd4 7. cxd4 Nc6 8.
Nc3 Qd6 9. a3 Be7 10. Bd3 O-O 11. O-O b6 12. Qe2 Bb7 13. Rad1 Rac8 14. Rfe1
Rfe8 15. Bb1 Na5 16. Ne5 a6 17. Bf4 Bd8 18. Qd3 Nc4 19. Re2 b5 20. d5 Nb6 21.
dxe6 Qxe6 22. Ng4 Qxg4 23. Rxe8+ Nxe8 24. Qxh7+ Kf8 25. Qh8+ Ke7 26. Re1+ Kf6
27. Be5+ Ke7 28. Bg3+ Qe6 29. Rxe6+ fxe6 30. Bg6 Bc7 31. Bxc7 Nxc7 32. Qxg7+
Kd6 33. h4 Ncd5 34. Ne4+ Kc6 35. h5 1-0

[Event "NB1 Maroczy csoport"]
[Site "Kisujszallas"]
[Date "2024.11.17"]
[Round "2.2"]
[White "Balla, Tamas-Kristof"]
[Black "Varadi, Viktor"]
[Result "1-0"]
[WhiteElo "2307"]
[BlackElo "2364"]
[PlyCount "83"]
[EventDate "2024.11.03"]
[EventType "team-tourn"]
[EventRounds "11"]
[EventCountry "HUN"]
[Source "chess.hu"]
[SourceDate "2024.11.17"]
[WhiteTeam "Kumania-Kisujszallas"]
[BlackTeam "NYVSC "]
[WhiteTeamCountry "HUN"]
[BlackTeamCountry "HUN"]

1. f4 d5 2. b3 Nf6 3. Bb2 c5 4. e3 Nc6 5. Bb5 Qb6 6. Qe2 Bg4 7. Nf3 e6 8. O-O
O-O-O 9. Bxc6 Qxc6 10. d3 h5 11. Nbd2 h4 12. h3 Bxf3 13. Nxf3 Nh5 14. Qf2 Ng3
15. Rfc1 Nf5 16. c4 d4 17. exd4 Nxd4 18. Bxd4 cxd4 19. c5 Rh5 20. b4 Be7 21. a4
Bf6 22. Nd2 Rf5 23. Ne4 Kb8 24. Nd6 Rxd6 25. cxd6 Qxd6 26. Qc2 Qd7 27. Qc4 g5
28. Ra2 gxf4 29. Rac2 a6 30. b5 axb5 31. axb5 Rxb5 32. Qa4 Rd5 33. Qa3 Bd8 34.
Rc4 Ra5 35. Qf8 Ka7 36. Rc8 Rd5 37. Ra1+ Ba5 38. Ra8+ Kb6 39. Qb8 Bc3 40. R8a6+
Kb5 41. Rb1+ Bb4 42. Ra7 1-0

[Event "NB1 Maroczy csoport"]
[Site "Kisujszallas"]
[Date "2024.11.17"]
[Round "2.3"]
[White "Varga, Csaba Zoltan"]
[Black "Jesenski, Tibor"]
[Result "1-0"]
[WhiteElo "2189"]
[BlackElo "2232"]
[PlyCount "67"]
[EventDate "2024.11.03"]
[EventType "team-tourn"]
[EventRounds "11"]
[EventCountry "HUN"]
[Source "chess.hu"]
[SourceDate "2024.11.17"]
[WhiteTeam "NYVSC "]
[BlackTeam "Kumania-Kisujszallas"]
[WhiteTeamCountry "HUN"]
[BlackTeamCountry "HUN"]

1. d4 Nf6 2. Nc3 g6 3. Bf4 d6 4. Qd2 h6 5. e4 g5 6. Be3 Ng4 7. O-O-O e6 8. Kb1
Nxe3 9. Qxe3 Bg7 10. h4 Nc6 11. d5 Ne5 12. hxg5 hxg5 13. Rxh8+ Bxh8 14. Nh3 Bf6
15. f4 gxf4 16. Nxf4 Bd7 17. dxe6 fxe6 18. Bb5 Qe7 19. Bxd7+ Kxd7 20. Nb5 Bg5
21. g3 a6 22. Nd4 b5 23. Qc3 Nc4 24. Nfxe6 Bf6 25. e5 Bxe5 26. Qf3 Ra7 27. Nc5+
Ke8 28. Nc6 Qg5 29. Ne4 Qg7 30. Qf5 Ne3 31. Qe6+ Kf8 32. Nc5 Qg5 33. Nxe5 Qxe5
34. Nd7+ 1-0

[Event "NB1 Maroczy csoport"]
[Site "Kisujszallas"]
[Date "2024.11.17"]
[Round "2.4"]
[White "Egyed, Gabor"]
[Black "Okhotnik, Vladimir"]
[Result "0-1"]
[WhiteElo "2139"]
[BlackElo "2245"]
[PlyCount "94"]
[EventDate "2024.11.03"]
[EventType "team-tourn"]
[EventRounds "11"]
[EventCountry "HUN"]
[Source "chess.hu"]
[SourceDate "2024.11.17"]
[WhiteTeam "Kumania-Kisujszallas"]
[BlackTeam "NYVSC "]
[WhiteTeamCountry "HUN"]
[BlackTeamCountry "HUN"]

1. d4 Nf6 2. Nc3 d5 3. Bf4 g6 4. e3 Bg7 5. h4 c6 6. h5 gxh5 7. Rxh5 Bg4 8. Be2
Nxh5 9. Bxg4 Nxf4 10. exf4 Qb6 11. Nge2 Nd7 12. Qd3 e6 13. O-O-O h5 14. Bh3
O-O-O 15. Kb1 Kb8 16. Nc1 c5 17. dxc5 Nxc5 18. Qg3 Bxc3 19. Qxc3 Ne4 20. Qe5+
Ka8 21. f3 f6 22. Qd4 Nf2 23. Qxb6 axb6 24. Re1 Nxh3 25. gxh3 Rde8 26. Nd3 Rhg8
27. Kc1 Kb8 28. Nb4 f5 29. Nd3 Rg3 30. Ne5 Reg8 31. h4 Rg1 32. Rxg1 Rxg1+ 33.
Kd2 Rh1 34. Ng6 Kc7 35. a4 Kd7 36. b3 Ke8 37. Ke3 Kf7 38. Ne5+ Kg7 39. Nd3 Rxh4
40. Nf2 Rh2 41. Ke2 Kf6 42. Kf1 e5 43. Kg1 Rxf2 44. fxe5+ Kxe5 45. Kxf2 Kd4 46.
c4 dxc4 47. bxc4 f4 0-1

[Event "NB1 Maroczy csoport"]
[Site "Kisujszallas"]
[Date "2024.11.17"]
[Round "2.5"]
[White "Oros, Robert"]
[Black "Pletl, Akos"]
[Result "1/2-1/2"]
[WhiteElo "2198"]
[BlackElo "2200"]
[PlyCount "33"]
[EventDate "2024.11.03"]
[EventType "team-tourn"]
[EventRounds "11"]
[EventCountry "HUN"]
[Source "chess.hu"]
[SourceDate "2024.11.17"]
[WhiteTeam "NYVSC "]
[BlackTeam "Kumania-Kisujszallas"]
[WhiteTeamCountry "HUN"]
[BlackTeamCountry "HUN"]

1. c4 c6 2. Nf3 d5 3. b3 Bf5 4. Bb2 e6 5. g3 a5 6. Bg2 a4 7. O-O Nf6 8. d3 Nbd7
9. Nh4 Bg6 10. Nd2 a3 11. Bc3 Qb6 12. Nxg6 hxg6 13. cxd5 Nxd5 14. Rc1 Nxc3 15.
Rxc3 Bb4 16. Rc2 O-O 17. Ne4 1/2-1/2

[Event "NB1 Maroczy csoport"]
[Site "Kisujszallas"]
[Date "2024.11.17"]
[Round "2.6"]
[White "Nagy, Attila N"]
[Black "Anghelus, Alin-Gabriel"]
[Result "1-0"]
[WhiteElo "2149"]
[BlackElo "2212"]
[PlyCount "59"]
[EventDate "2024.11.03"]
[EventType "team-tourn"]
[EventRounds "11"]
[EventCountry "HUN"]
[Source "chess.hu"]
[SourceDate "2024.11.17"]
[WhiteTeam "Kumania-Kisujszallas"]
[BlackTeam "NYVSC "]
[WhiteTeamCountry "HUN"]
[BlackTeamCountry "HUN"]

1. Nf3 d5 2. d4 e6 3. c4 a6 4. cxd5 exd5 5. Nc3 c6 6. Bf4 Bd6 7. Bg3 Ne7 8. e3
Nf5 9. Bd3 Nxg3 10. hxg3 Bg4 11. Qc2 Qf6 12. O-O-O Nd7 13. e4 Bxf3 14. gxf3
Qxf3 15. exd5 cxd5 16. Rhe1+ Kf8 17. Re3 Qh5 18. Qb3 b5 19. Be2 Qf5 20. Bg4
Qxg4 21. Qxd5 Rc8 22. Qxd6+ Kg8 23. Qxa6 Nf6 24. Qxb5 h5 25. d5 Kh7 26. Qd3+ g6
27. Qd4 Qf5 28. Re5 Qf3 29. Qd3 Qg4 30. Re7 1-0

[Event "NB1 Maroczy csoport"]
[Site "Kisujszallas"]
[Date "2024.11.17"]
[Round "2.7"]
[White "Varga, Marcell"]
[Black "Muhari, Istvan"]
[Result "0-1"]
[WhiteElo "2178"]
[BlackElo "2138"]
[PlyCount "62"]
[EventDate "2024.11.03"]
[EventType "team-tourn"]
[EventRounds "11"]
[EventCountry "HUN"]
[Source "chess.hu"]
[SourceDate "2024.11.17"]
[WhiteTeam "NYVSC "]
[BlackTeam "Kumania-Kisujszallas"]
[WhiteTeamCountry "HUN"]
[BlackTeamCountry "HUN"]

1. c4 e6 2. d4 d5 3. Nf3 Nf6 4. g3 Be7 5. Bg2 O-O 6. O-O Nbd7 7. Qc2 c6 8. b3
b6 9. Nc3 Ba6 10. e4 dxc4 11. Rd1 cxb3 12. axb3 Bb7 13. Bf4 Nh5 14. Be3 Nhf6
15. h3 Qc8 16. Bf4 Nh5 17. Bg5 Bxg5 18. Nxg5 e5 19. dxe5 Nxe5 20. Qe2 g6 21.
Nf3 Nxf3+ 22. Bxf3 Ng7 23. Bg4 Qb8 24. e5 Re8 25. f4 Re7 26. Ne4 a5 27. Qe3 c5
28. Nf6+ Kh8 29. Rd6 Qxd6 30. exd6 Rxe3 31. d7 Rd8 0-1

[Event "NB1 Maroczy csoport"]
[Site "Kisujszallas"]
[Date "2024.11.17"]
[Round "2.8"]
[White "Balogh, David"]
[Black "Farkas, Adam"]
[Result "1/2-1/2"]
[WhiteElo "2211"]
[BlackElo "2146"]
[PlyCount "86"]
[EventDate "2024.11.03"]
[EventType "team-tourn"]
[EventRounds "11"]
[EventCountry "HUN"]
[Source "chess.hu"]
[SourceDate "2024.11.17"]
[WhiteTeam "Kumania-Kisujszallas"]
[BlackTeam "NYVSC "]
[WhiteTeamCountry "HUN"]
[BlackTeamCountry "HUN"]

1. d4 d5 2. Bg5 f6 3. Bh4 Nh6 4. f3 Nc6 5. c4 e5 6. cxd5 Qxd5 7. dxe5 Bb4+ 8.
Nc3 Qxe5 9. Qc1 Nf5 10. Bf2 O-O 11. e4 Nfd4 12. Bc4+ Be6 13. Bxe6+ Qxe6 14. Kf1
f5 15. Nd5 Ba5 16. Qc4 b5 17. Qc5 Bb6 18. Nxb6 axb6 19. Qd5 fxe4 20. fxe4 Qxd5
21. exd5 Ne5 22. Nf3 Ndxf3 23. gxf3 Rxf3 24. Kg2 Raf8 25. Bg3 Nc4 26. Rhc1 Ne3+
27. Kg1 Nxd5 28. Bxc7 Nxc7 29. Rxc7 Rf2 30. Rd1 g6 31. Rdd7 Rf1+ 32. Kg2 R1f2+
33. Kg3 R2f3+ 34. Kg2 Rf2+ 35. Kg3 R8f3+ 36. Kg4 Rf4+ 37. Kg3 R4f3+ 38. Kg4
Rf4+ 39. Kg3 R2f3+ 40. Kg2 Rf7 41. Rxf7 Rxf7 42. Rc6 Rd7 43. b3 Rd5 1/2-1/2

[Event "NB1 Maroczy csoport"]
[Site "Kisujszallas"]
[Date "2024.11.17"]
[Round "2.9"]
[White "Hibjan, Tamas"]
[Black "Simonyi, Zoltan"]
[Result "1-0"]
[WhiteElo "2143"]
[BlackElo "2129"]
[PlyCount "41"]
[EventDate "2024.11.03"]
[EventType "team-tourn"]
[EventRounds "11"]
[EventCountry "HUN"]
[Source "chess.hu"]
[SourceDate "2024.11.17"]
[WhiteTeam "NYVSC "]
[BlackTeam "Kumania-Kisujszallas"]
[WhiteTeamCountry "HUN"]
[BlackTeamCountry "HUN"]

1. e4 e6 2. d4 d5 3. Nc3 Bb4 4. e5 Ne7 5. a3 Bxc3+ 6. bxc3 c5 7. Qg4 O-O 8. Nf3
Nbc6 9. Bd3 Ng6 10. h4 c4 11. Bxg6 fxg6 12. h5 Qe8 13. h6 Rf5 14. Bg5 Qf7 15.
hxg7 h5 16. Qg3 Rxf3 17. gxf3 Qf5 18. Kd2 Kxg7 19. Rh4 Qf7 20. Bf6+ Kh7 21.
Rah1 1-0

[Event "NB1 Maroczy csoport"]
[Site "Kisujszallas"]
[Date "2024.11.17"]
[Round "2.10"]
[White "Szaloki, Arpad"]
[Black "Egyed, Judit"]
[Result "1-0"]
[WhiteElo "2056"]
[BlackElo "2061"]
[PlyCount "75"]
[EventDate "2024.11.03"]
[EventType "team-tourn"]
[EventRounds "11"]
[EventCountry "HUN"]
[Source "chess.hu"]
[SourceDate "2024.11.17"]
[WhiteTeam "Kumania-Kisujszallas"]
[BlackTeam "NYVSC "]
[WhiteTeamCountry "HUN"]
[BlackTeamCountry "HUN"]

1. Nf3 f5 2. g3 Nf6 3. Bg2 g6 4. O-O Bg7 5. d4 O-O 6. c3 c6 7. Nbd2 d6 8. Qb3+
e6 9. Re1 h6 10. e4 d5 11. exf5 exf5 12. Ne5 Kh7 13. Ndf3 Ne4 14. Nd3 Na6 15.
Bf4 Nc7 16. Be5 Ne6 17. Bxg7 Kxg7 18. Nfe5 Qf6 19. Re2 f4 20. Bxe4 dxe4 21.
Rxe4 Ng5 22. Rxf4 Nh3+ 23. Kg2 Nxf4+ 24. Nxf4 Qf5 25. Nexg6 Rf6 26. Nh4 Qg5 27.
Nf3 Qg4 28. h3 Qf5 29. Re1 Rf7 30. Re5 Qd7 31. Ne6+ Kg8 32. Qc2 Rf6 33. Nf4 Kh8
34. Qe4 Rf7 35. Qg6 b5 36. Qxh6+ Rh7 37. Ng6+ Kg8 38. Qf8# 1-0